ARRUPE JESUIT UNIVERSITY

CORONAVIRUS -STOP THE SPREAD - CLEAN,DISINFECT,COVER

Homage to Galileo; (Record no. 122671)

MARC details
000 -LEADER
fixed length control field 00824cam a22002411 4500
001 - CONTROL NUMBER
control field 4059869
003 - CONTROL NUMBER IDENTIFIER
control field ARRUPE
005 - DATE AND TIME OF LATEST TRANSACTION
control field 20150521130655.0
008 - FIXED-LENGTH DATA ELEMENTS--GENERAL INFORMATION
fixed length control field 850311s1965 mau b 010 0beng
010 ## - LIBRARY OF CONGRESS CONTROL NUMBER
LC control number 65027973
040 ## - CATALOGING SOURCE
Original cataloging agency DLC/ICU
Transcribing agency ICU
Modifying agency DLC
050 00 - LIBRARY OF CONGRESS CALL NUMBER
Classification number QB36.G2
Item number K3
082 00 - DEWEY DECIMAL CLASSIFICATION NUMBER
Classification number 509.24
300 ## - PHYSICAL DESCRIPTION
Dimensions 22 cm.
100 1# - MAIN ENTRY--PERSONAL NAME
Personal name Kaplon, Morton F. (ed.)
9 (RLIN) 17205
245 10 - TITLE STATEMENT
Title Homage to Galileo;
Remainder of title papers presented at the Galileo Quadricentennial, University of Rochester, October 8 and 9, 1964.
Statement of responsibility, etc Morton F. Kaplon, editor.
260 ## - PUBLICATION, DISTRIBUTION, ETC. (IMPRINT)
Place of publication, distribution, etc Cambridge, Mass.,
Name of publisher, distributor, etc M.I.T. Press
Date of publication, distribution, etc [1965]
300 ## - PHYSICAL DESCRIPTION
Extent xii, 139 p.
504 ## - BIBLIOGRAPHY, ETC. NOTE
Bibliography, etc Bibliographical footnotes.
600 10 - SUBJECT ADDED ENTRY--PERSONAL NAME
Personal name Galilei, Galileo,
Dates associated with a name 1564-1642.
9 (RLIN) 11368
710 2# - ADDED ENTRY--CORPORATE NAME
Corporate name or jurisdiction name as entry element University of Rochester.
9 (RLIN) 17206
906 ## - LOCAL DATA ELEMENT F, LDF (RLIN)
a 7
b cbc
c orignew
d u
e ocip
f 19
g y-gencatlg
942 ## - ADDED ENTRY ELEMENTS (KOHA)
Source of classification or shelving scheme Library of Congress Classification
Koha item type Monograph ( Printed materials)
Holdings
Withdrawn status Lost status Source of classification or shelving scheme Damaged status Not for loan Collection code Home library Current library Shelving location Date acquired Total Checkouts Full call number Barcode Date last seen Price effective from Koha item type
    Library of Congress Classification     Main Collection ARRUPE LIBRARY ARRUPE LIBRARY Main Collection 16/04/2015   QB36.G2 K3 46500002428 02/07/2019 16/04/2015 Monograph ( Printed materials)

 

Arrupe Library. PO Box MP320 Mt Pleasant, Harare, Zimbabwe
263 242 745411|librarian@aju.ac.zw